Największe miasto Począwszy od K w tym kraju #2 - Statystyki

Ogólne statystyki
  • Ten quiz został rozwiązany 136 razy
  • Średni wynik to 8 z 21
Statystyki odpowiedzi
Kraj K Miasto % Poprawnych
Polska Kraków
99%
Dania Kopenhaga
80%
Niemcy Kolonia
79%
Mołdawia Kiszyniów
76%
Południowa Afryka Kapsztad
63%
Kuwejt Kuwejt
63%
Malezja Kuala Lumpur
55%
Słowacja Koszyce
48%
Sri Lanka Kolombo
35%
Gwinea Konakry
35%
Włochy Katania
31%
Finlandia Kuopio
26%
Turcja Konya
23%
St.Vincent i Grenadyny Kingstown
20%
Benin Kotonu
13%
Hiszpania Kartagena
10%
Serbia Kragujevac
7%
Irak Kirkuk
5%
Iran Karadż
3%
Bangladesz Khulna
2%
Kenia Kisumu
1%
Nie znaleziono quizów pasujących do podanych kryteriów
Rozkład punktacji
Procent ludzi z każdym wynikiem
Percentyl według liczby udzielonych odpowiedzi
Twoja historia wyników
Nie rozwiązałeś tego quizu